000 00364nam a22001457a 4500
020 _a81-7301-215-6
082 _a823
_bDRE/H
100 _aDREAMLAND
245 _aAESOP'S FABLES: THE HARE AND THE TORTOISE
_bAESOP'S FABLES
260 _aDELHI
_bDREAMLAND
300 _a16
520 _aENGLISH SHORT STORIES
650 _aENGLISH SHORT STORIES
_zDELHI
942 _cBK
999 _c5103
_d5103